Antología de teatro rionegrino en la posdictadura /

Detalles Bibliográficos
Autor principal: Roca, Concepción (Autor)
Formato: Electrónico eBook
Lenguaje:español
Publicado: Río Negro, Argentina : Editorial UNRN, 2015.
Colección:Aperturas. Letras, lingüística y comunicación.
Materias:
Acceso en línea:Digitalia Hispánica

MARC

LEADER 00000nam a2200000Ii 4500
001 DIGEDUNRN0054
003 NyNyDIG
006 m o d
007 cr |||||||||||
008 250516s2015 ag o 000 d spa d
035 |a (OCoLC)1514870245 
040 |a DGITA  |b eng  |e rda  |e pn  |c DGITA 
020 |a 9789873667824  |q eBook 
020 |z 9789873667060 
050 1 4 |a PQ7764 ebook 
245 0 0 |a Antología de teatro rionegrino en la posdictadura /  |c Concepción Roca [and 15 others]. 
264 1 |a Río Negro, Argentina :  |b Editorial UNRN,  |c 2015. 
300 |a 1 online resource. 
336 |a text  |b txt  |2 rdacontent 
337 |a computer  |b c  |2 rdamedia 
338 |a online resource  |b cr  |2 rdacarrier 
347 |a text file  |2 rdaft 
347 |b PDF 
490 1 |a Aperturas. Letras, lingüística y comunicación 
588 0 |a Online resource; title from PDF title page (Digitalia, viewed May 16, 2025) 
655 7 |a Drama.  |2 lcgft 
700 1 |a Roca, Concepción,  |e author. 
776 0 8 |i Print version:  |t Antología de teatro rionegrino en la posdictadura.  |d Río Negro, Argentina : Editorial UNRN, 2015  |z 9789873667060 
791 2 |a Digitalia (Firm),  |e distributor. 
793 0 |g Digitalia eBook Collection:  |a Editorial UNRN 
830 0 |a Aperturas.  |p Letras, lingüística y comunicación. 
856 4 0 |3 Digitalia Hispánica  |u https://www.digitaliapublishing.com/a/173244/ 
910 |a Premium collection: 2025